<?xml version="1.0" encoding="UTF-8"?>
<record
    xmlns:xsi="http://www.w3.org/2001/XMLSchema-instance"
    xsi:schemaLocation="http://www.loc.gov/MARC21/slim http://www.loc.gov/standards/marcxml/schema/MARC21slim.xsd"
    xmlns="http://www.loc.gov/MARC21/slim">

  <leader>00799nam a22001817a 4500</leader>
  <datafield tag="999" ind1=" " ind2=" ">
    <subfield code="c">367</subfield>
    <subfield code="d">367</subfield>
  </datafield>
  <controlfield tag="003">OSt</controlfield>
  <controlfield tag="005">20220311104019.0</controlfield>
  <controlfield tag="008">180430b        xxu||||| |||| 00| 0 spa d</controlfield>
  <datafield tag="040" ind1=" " ind2=" ">
    <subfield code="c">PJ</subfield>
  </datafield>
  <datafield tag="100" ind1=" " ind2=" ">
    <subfield code="9">430</subfield>
    <subfield code="a">Lucas Verd&#xFA;, Pablo</subfield>
  </datafield>
  <datafield tag="245" ind1="1" ind2="0">
    <subfield code="a">Principios de ciencia pol&#xED;tica /</subfield>
    <subfield code="c">Pablo Lucas Verd&#xFA;.</subfield>
  </datafield>
  <datafield tag="260" ind1=" " ind2=" ">
    <subfield code="a">Buenos Aires :</subfield>
    <subfield code="b">Tecnos, </subfield>
    <subfield code="c">1969-1971.</subfield>
  </datafield>
  <datafield tag="300" ind1=" " ind2=" ">
    <subfield code="a">3 v.</subfield>
    <subfield code="c">22 cm.</subfield>
  </datafield>
  <datafield tag="490" ind1=" " ind2=" ">
    <subfield code="a">Biblioteca universitaria</subfield>
  </datafield>
  <datafield tag="505" ind1=" " ind2=" ">
    <subfield code="a">v. 1:  Introducci&#xF3;n. Hombre y pol&#xED;tica. Ideolog&#xED;as, mitos y tecnocracia.
v. 2:  Estructura y din&#xE1;mica pol&#xED;ticas.
v. 3: Estado contempor&#xE1;neo y fuerzas pol&#xED;ticas: (Partidos pol&#xED;ticos, corrientes interpartidistas, asociaciones, clubs pol&#xED;ticos, grupos de presi&#xF3;n, propaganda pol&#xED;tica).
</subfield>
  </datafield>
  <datafield tag="650" ind1=" " ind2="0">
    <subfield code="9">348</subfield>
    <subfield code="a">CIENCIAS POLITICAS</subfield>
  </datafield>
  <datafield tag="942" ind1=" " ind2=" ">
    <subfield code="2">udc</subfield>
    <subfield code="c">LIB</subfield>
    <subfield code="h">32</subfield>
    <subfield code="i">VER</subfield>
  </datafield>
  <datafield tag="952" ind1=" " ind2=" ">
    <subfield code="0">0</subfield>
    <subfield code="1">0</subfield>
    <subfield code="2">udc</subfield>
    <subfield code="4">0</subfield>
    <subfield code="7">0</subfield>
    <subfield code="a">DJS</subfield>
    <subfield code="b">DJS</subfield>
    <subfield code="d">2018-04-30</subfield>
    <subfield code="h">V. 1</subfield>
    <subfield code="o">32 LUC </subfield>
    <subfield code="p">1686</subfield>
    <subfield code="r">2018-04-30</subfield>
    <subfield code="w">2018-04-30</subfield>
    <subfield code="y">LIB</subfield>
  </datafield>
  <datafield tag="952" ind1=" " ind2=" ">
    <subfield code="0">0</subfield>
    <subfield code="1">0</subfield>
    <subfield code="2">udc</subfield>
    <subfield code="4">0</subfield>
    <subfield code="7">0</subfield>
    <subfield code="a">DJS</subfield>
    <subfield code="b">DJS</subfield>
    <subfield code="d">2018-04-30</subfield>
    <subfield code="h">V. 2</subfield>
    <subfield code="o">32 LUC </subfield>
    <subfield code="p">1685</subfield>
    <subfield code="r">2018-04-30</subfield>
    <subfield code="w">2018-04-30</subfield>
    <subfield code="y">LIB</subfield>
  </datafield>
  <datafield tag="952" ind1=" " ind2=" ">
    <subfield code="0">0</subfield>
    <subfield code="1">0</subfield>
    <subfield code="2">udc</subfield>
    <subfield code="4">0</subfield>
    <subfield code="7">0</subfield>
    <subfield code="a">DJS</subfield>
    <subfield code="b">DJS</subfield>
    <subfield code="d">2018-04-30</subfield>
    <subfield code="h">V. 3</subfield>
    <subfield code="o">32 LUC </subfield>
    <subfield code="p">1684</subfield>
    <subfield code="r">2018-04-30</subfield>
    <subfield code="w">2018-04-30</subfield>
    <subfield code="y">LIB</subfield>
  </datafield>
</record>
